Banking Products and Services (Record no. 3910)

MARC details
000 -LEADER
fixed length control field 00341nam a2200157Ia 4500
003 - CONTROL NUMBER IDENTIFIER
control field OSt
008 - FIXED-LENGTH DATA ELEMENTS--GENERAL INFORMATION
fixed length control field 191201s2007 xx 000 0 und d
082 ## - DEWEY DECIMAL CLASSIFICATION NUMBER
Classification number 332.17
Item number IIB
100 ## - MAIN ENTRY--PERSONAL NAME
Personal name IIBF
245 #0 - TITLE STATEMENT
Title Banking Products and Services
250 ## - EDITION STATEMENT
Edition statement 2nd
260 ## - PUBLICATION, DISTRIBUTION, ETC. (IMPRINT)
Place of publication, distribution, etc New Delhi
Name of publisher, distributor, etc Texman
Date of publication, distribution, etc 2007
300 ## - PHYSICAL DESCRIPTION
Extent 144
650 ## - SUBJECT ADDED ENTRY--TOPICAL TERM
Topical term or geographic name as entry element MBA
942 ## - ADDED ENTRY ELEMENTS (KOHA)
Source of classification or shelving scheme Dewey Decimal Classification
Koha item type Text Books
Holdings
Withdrawn status Lost status Source of classification or shelving scheme Damaged status Not for loan Collection code Home library Current library Date acquired Source of acquisition Cost, normal purchase price Bill Number Total Checkouts Full call number Acc. no. / Barcode Date last seen Date last borrowed Bill Date Koha item type Checked out Public note Currency Actual Cost, discounted price
    Dewey Decimal Classification     MBA PIET C-LIBRARY PIET C-LIBRARY 05/03/2009 J B C, New Delhi 120.00 SI-6136 1 332.17 IIB 11990 20/12/2023 18/09/2023 02/03/2009 Text Books        
    Dewey Decimal Classification     MBA PIET C-LIBRARY PIET C-LIBRARY 05/03/2009 J B C, New Delhi 120.00 SI-6136 1 332.17 IIB 11991 22/01/2022 22/01/2022 02/03/2009 Text Books 21/07/2022 .    
    Dewey Decimal Classification     MBA PIET C-LIBRARY PIET C-LIBRARY 05/03/2009 J B C, New Delhi 120.00 SI-6136 1 332.17 IIB 11992 04/07/2025 27/12/2023 02/03/2009 Text Books        
    Dewey Decimal Classification     MBA PIET C-LIBRARY PIET C-LIBRARY 05/03/2009 J B C, New Delhi 120.00 SI-6136 1 332.17 IIB 11993 06/01/2023 28/12/2022 02/03/2009 Text Books        
    Dewey Decimal Classification     MBA PIET C-LIBRARY PIET C-LIBRARY 05/03/2009 J B C, New Delhi 120.00 SI-6136   332.17 IIB 11994 06/11/2025   02/03/2009 Text Books     INR 599.25

Design & Developed by: PIET Central Library
R70 Miles Stone Pattikalyana Samalkha Panipat 132102
mail ID :- [email protected], Phone No:- 0180-2569700 Ex.216